[Event "36 Abierto Ciudad de Sevilla"]
[Site "?"]
[Date "2011.01.13"]
[Round "7"]
[White "Das, Arghyadip"]
[Black "Barrera Garcia, Carlos"]
[Result "1-0"]
[WhiteElo "2479"]
[BlackElo "2395"]
[PlyCount "59"]
[EventDate "2011.01.13"]
[SourceDate "2011.01.07"]

1. e4 e6 2. d4 d5 3. Nc3 Bb4 4. e5 c5 5. a3 Ba5 6. Bd2 cxd4 7. Nb5 Bc7 8. f4
Nh6 9. Nf3 Nc6 10. Bd3 Bb8 11. Qe2 $14 f6 12. O-O-O Nf7 13. Nbxd4 O-O (13...
Nxd4 14. Nxd4 fxe5 15. fxe5 O-O) 14. Nxc6 bxc6 15. h4 {Diagrama #} c5 $2 (15...
fxe5 16. fxe5) 16. exf6 $18 Qxf6 (16... gxf6 17. Ng5 Nxg5 (17... fxg5 18. Qh5)
18. hxg5 f5 19. Qh5 Qd7 20. g6 $18) 17. Ng5 g6 18. h5 (18. Nxh7 $1 Kxh7 19. h5
Nh6 20. hxg6+ Kg8 (20... Kg7 21. Rxh6) 21. Rxh6 $18) 18... Bxf4 $6 (18... Nxg5
19. fxg5 Qf2 20. hxg6 hxg6 21. Qg4 Qg3 22. Qa4 $18) 19. Nxh7 Kxh7 20. hxg6+ Kg8
21. gxf7+ Rxf7 22. Bxf4 (22. Rdf1) 22... Qxf4+ 23. Kb1 Rb8 24. Qh5 (24. Rdf1)
24... Qf6 25. b3 Qg7 26. Rdf1 Rxf1+ 27. Rxf1 Bd7 28. Bg6 Rf8 29. Bh7+ Kh8 30.
Rxf8+ 1-0

[Event "36 Abierto Ciudad de Sevilla"]
[Site "?"]
[Date "2011.01.13"]
[Round "7"]
[White "Espejo Montagut, Anatoly"]
[Black "Garcia Jimenez, Fco Javier"]
[Result "0-1"]
[WhiteElo "2118"]
[BlackElo "2274"]
[PlyCount "87"]
[EventDate "2011.01.13"]
[SourceDate "2011.01.07"]

1. e4 d5 2. exd5 Qxd5 3. Nc3 Qd8 4. Bc4 Nf6 5. Nf3 e6 6. O-O Be7 7. Re1 O-O 8.
d3 Nbd7 9. Qe2 Nb6 10. Bb3 Nbd5 11. Ne4 c6 12. c4 Nxe4 13. dxe4 Nb4 14. a3 (14.
Rd1) 14... Qd3 {Diagrama #} 15. axb4 (15. Qe3) 15... Qxb3 16. Bd2 Bxb4 17. Red1
Be7 18. Ba5 b5 19. Rd3 Qxc4 20. b3 Qc5 21. e5 b4 22. Rd4 Qb5 23. Qd2 c5 24. Rg4
f5 25. Rg3 Kh8 26. Ng5 Qd7 27. Qe2 Bb7 28. Rd1 Bd5 29. Nxh7 Kxh7 30. Rh3+ Kg8
31. Qh5 Bd8 32. Qh7+ Kf7 33. Rh6 Bxa5 34. Rf6+ Ke8 35. Rxf8+ Kxf8 36. Qh8+ Ke7
37. Qh4+ Kf7 38. Rd3 Rb8 39. Rg3 Bd8 40. Qh7 Kf8 41. h4 Qf7 42. h5 f4 43. Rg6
Be4 44. Rxg7 0-1

[Event "36 Abierto Ciudad de Sevilla"]
[Site "?"]
[Date "2011.01.12"]
[Round "6"]
[White "Matamoros Franco, Carlos S"]
[Black "Kovacevic, Slobodan"]
[Result "1-0"]
[WhiteElo "2545"]
[BlackElo "2330"]
[Annotator "Matamoros,Carlos"]
[PlyCount "93"]
[EventDate "2011.01.12"]
[SourceDate "2011.01.07"]

1. c4 c5 2. g3 {Una de las ventajas de este orden es evitar la estructura
erizo. Sin embargo, Kovacevic normalmente no está de acuerdo.} Nf6 3. Bg2 e6 4.
Nf3 Qc7 {Este sistema es la especialidad de Slobodan. De alguna manera
dificulta d2- d4 al atacar indirectamente c4 así como prepara el fianchetto de
su alfil dama ya que a cualquier salto del Nf3 se puede responder con ...Bb7.}
5. Nc3 a6 6. O-O d6 {Kovacevic también ha experimentado con 6...b6
inmediatamente o luego de 6 ...Be7} 7. d4 cxd4 8. Nxd4 $1 {#  De esta manera
intento circunvalar el sistema Kovacevic, evito ...b6 a costa de un peón.} Bd7
{Es arriesgado 8...Qxc4 por la desventaja de desarrollo del negro. Tarrasch
dijo que cualquier captura de peón con la dama es mala por necesidad. Desde
las buenas épocas del buen Dr. muchos peones envenenados han demostrado no ser
tanto...La jugada de Kovacevic tiene la virtud de evitar cualquier preparación
que yo haya tenido. Por lo visto, conoce poco mis costumbres.} 9. Bg5 {
Pensé más de la cuenta esta jugada.} ({La alternativa era la automática} 9. b3
Nc6 10. Bb2 Nxd4 11. Qxd4 Be7 {
con la ventaja que normalmente se espera del blanco en este tipo de posiciones.
}) 9... Be7 10. Rc1 h6 ({Mi idea era oponerme a} 10... Nc6 {con} 11. Nxc6 Bxc6
12. Bxf6 Bxf6 13. Nd5 $1 exd5 14. cxd5 Bxb2 15. Rc4 {
el blanco recuperará su pieza con ventaja.}) 11. Be3 Ng4 ({
Slobbodan intenta incomodarme de alguna manera ya que a la normal} 11... O-O {
pensaba jugar} 12. Bf3 (12. h3 {
tiene el pequeño inconveniente de que se puede jugar} Nc6 {porque a} 13. Nd5
exd5 14. cxd5 Nxd5 15. Bxd5 {es posible} Bxh3 {
aunque de todas maneras  es posible que el blanco tenga alguna ventaja.}) {
ahora en cambio} 12... Nc6 {sí permite} 13. Nd5 $1 {con ventaja blanca.}) 12.
Bd2 Qb6 {
De esta manera la dama negra se aleja de los rayos X de la torre blanca.} 13.
Nb3 Bc6 ({A} 13... Nc6 {pensaba responder con} 14. c5 $1 dxc5 ({en caso de} 
14... Qc7 {el blanco, si quiere, puede transponer a la variante principal con}
15. cxd6 Bxd6 16. Ne4 Be7 17. Nec5) 15. Na4 Qc7 16. Naxc5 {
con evidente ventaja del blanco.}) 14. e4 Nf6 15. Be3 Qd8 16. Nd4 {#  El blanco
no ha tenido más remedio que llegar a una posición normal del erizo. Sin
embargo el alfil de c6 no puede decir lo mismo.} O-O 17. f4 {Una vez que
reproduzco las jugadas no veo que el blanco haya hecho nada en especial, Sin
embargo ya estaba reducido a mis últimos 15 minutos.} Re8 {Jugada típica del
sistema. El negro desea contragolpear con ...e5 y presionar sobre el peón de
e4.} ({Si el negro completa el desarrollo con} 17... Nbd7 {
el blanco domina el tablero tras} 18. b4 {que amenaza b5, podría seguir} Nb6
19. Qe2 {con idea de Rfd1 o e5 con gran ventaja.}) 18. e5 dxe5 ({A} 18... Nh7 {
pensaba responder con} 19. f5 $5 {con idea de} dxe5 20. fxe6 $1 fxe6 21. Nxe6 {
con gran ventaja.}) 19. fxe5 Bxg2 20. Kxg2 ({Era posible} 20. exf6 Bxf1 21.
fxe7 Qxe7 22. Qxf1 {
pero, por una parte, estimaba que mi posición no era tan ventajosa luego de}
Nd7 {Por otra, estaba obsesionado con la idea de sacrificar en f7.}) 20... Nfd7
({No es mejor} 20... Nh7 {por el ataque doble.} 21. Qf3) 21. Rxf7 $1 {#} ({
También me atraía la vulgar} 21. Qh5 Rf8 ({también pensé en} 21... g6 22. Qxh6
Nxe5 23. Rxf7 $3 {#  este sacrificio era muy sencillo de ver, una vez que se
me había ocurrido el sacrificio de la partida.} Kxf7 ({También pierde} 23...
Nxf7 24. Qxg6+ Kh8 25. Nxe6 {Con amenaza de mate en g7 y sobre la dama.}) 24.
Qh7+ {y mate a la siguiente.}) 22. Bxh6 gxh6 23. Nxe6 fxe6 24. Qg6+ Kh8 25.
Qxh6+ {#  en que me parecía que atacaba gratis, con las tablas en la mano y
podía investigar} Kg8 26. Qxe6+ Kh8 27. Rcd1 $5 {Pero:  1. Esta última
variante también tenía su complicación  2. El sacrificio de torre era como un
canto de sirenas al que no me podía resistir.}) 21... Bg5 {La mejor oportunidad
práctica. Ya no estamos a finales del siglo XIX en que la gente se dejaba
retratar con alegría...} ({A} 21... Kxf7 {pensaba jugar} 22. Qh5+ ({
Ricardo, en el boletín, propone} 22. Nxe6 {
Que también la consideré, me atraía que luego de} Qc8 (22... Kxe6 {
recibe mate tras} 23. Qd5+ Kf5 24. Rf1+ Kg6 25. Qe4+ Kh5 26. Qf3+ Kg6 27. Qf5#)
23. Qd5 {a la natural} Qc6 ({No llegué a investigar} 23... Kg6 {porque me atraj
o más 22.Qh5+. Además estaba seguro que habría algo. Ricardo sugiere} 24. Rf1
Qc6 25. Nc7 Nxe5 26. Nxe8 Nbd7 27. Nc7 Rc8 28. Qxc6+ bxc6 29. Nxa6 $16) {
se responde con} 24. Nd8+ {ganando la dama.}) 22... Kg8 ({Si} 22... g6 {
pensaba jugar} 23. Rf1+ {que obliga a interponer en f6, tras lo cual el blanco
obtiene un fortísimo ataque a cambio de sólo una calidad.}) 23. Nxe6 Qc8 24.
Nxg7 $1 {#  Me agradaba la posibilidad de atacar con torre de menos. Analicé
las siguientes posibilidades:} -- (24... Kxg7 {se refuta fácilmente} 25. Bxh6+
Kh8 26. Rf1 $1 {y el negro está indefenso ante la amenaza de} -- 27. Bg7+ Kxg7
28. Rf7+ Kg8 29. Qh7#) ({Es mejor} 24... Qc6+ {que defiende h6} 25. Nd5 Rf8 ({
Si} 25... Kxg7 {sigue} 26. Qxe8 Bc5 27. e6 Ne5 28. Bxh6+ Kxh6 29. Qh8+ Kg6 30.
Qxe5 {El negro, además de estar paralizado, ni siquiera tiene material de más.}
) 26. Nf5 Rxf5 27. Qxf5 {Estimaba que la posición del blanco era ganadora.}) ({
Si} 24... Nc6 {sigue} 25. e6 Nde5 26. Nd5 {
Y, a pesar de la torre de más, el negro apenas se puede mover. Analicé} Rf8 27.
Bxh6 {Con idea de tomar en e7 y luego en e5, o simplemente Nf5. Intuía que el
blanco debía ganar.})) 22. Bxg5 ({
Perdí casi todos mis últimos minutos intentando encontrar la victoria con} 22.
Qh5 Nxe5 (22... Bxe3 {permite el mate tras} 23. Qg6) {Y ahora} 23. -- ({
me concentré en} 23. Rcf1 -- ({Si} 23... Bxe3 {el blanco tiene} 24. Rxg7+ Kxg7
25. Qxe5+ {seguido de Qxe3 y fuerte ataque a cambio de la calidad.}) ({vi que} 
23... Nxf7 {era malo por} 24. Qxf7+ Kh7 25. Bxg5 hxg5 26. Ne4 Qe7 27. Qh5+ Kg8
28. Nxg5) ({sin embargo era suficiente} 23... g6 $1)) ({Recuerdo que vi} 23.
Bxg5 {porque me di cuenta que si} Qxg5 (23... hxg5 {
es tan feo como parece, Ricardo indica} 24. Rxb7 Nbd7 25. Ne4 $18) {era posible
} 24. Rxg7+ {que buena cómo es, no era absolutamente necesaria.} ({
Ganadora pero menos contundente era la secuencia} 24. Qxg5 hxg5 25. Rxb7) 24...
Kxg7 25. Qxe8 Qxc1 {
e intuía que 'algo habría'. Ricardo indica la siguiente variante ganadora.} 26.
Nxe6+ Kf6 27. Ne4+ Kf5 {y ahora} 28. N6c5 $16 {en realidad es mate en 7. Es
difícil explicar por qué no jugué 23.Rcf1. Parece ser que mientras se analiza
una variante, el cerebro sigue analizando otras en segundo plano y en medio de
la primera (la jugada de la torre) el cerebro me presenta la segunda (la
jugada de la partida) con el golpe táctico que sucedió. Es como si se viera
todo al mismo tiempo como una suerte de Aleph que en mi caso parece ser uno en
mal estado como  caído de un quinto piso. Lo cierto es que con el apuro de
tiempo y con mis últimos dos minutos ignoro toda disciplina de cálculo y dejo
a Kotov y su árbol de análisis para otro momento de más tranquilidad..})) 22...
Qxg5 23. Nf3 Qe3 {De otra manera el blanco tiene un sano peón de más} 24. Rf4
Nxe5 ({El negro debió intentar} 24... Nc6 25. Re4 {
con peón de menos y peor posición.}) 25. Nd5 $1 {#  La segunda oleada del
ataque. Era la posibilidad de esta jugada la que me indujo a descartar 22.Qh5}
exd5 26. Qxd5+ Kh7 ({Es peor} 26... Kh8 27. Re1 Qb6 28. Nxe5 Nc6 29. Ng6+ Kh7
30. Qf5 {Amenaza mate en 2, empezando por Nf8+} Kg8 31. Rxe8+ Rxe8 32. Qf7+ {
el negro pierde, para empezar, la torre.}) 27. Re1 Qb6 28. Nxe5 Nc6 29. Qd3+
Kg8 30. Nd7 $1 {De no ser por esta jugada el blanco tendría problemas para
mantener su peón de más.} Qxb2+ 31. Rf2 Qd4 32. Nf6+ $1 {#} gxf6 33. Qg6+ Kh8
34. Qxh6+ Kg8 35. Qg6+ Kh8 36. Qh6+ {No venía mal ganar un minuto.} Kg8 37.
Qg6+ Kh8 38. Rxe8+ Rxe8 39. Qxe8+ Kg7 {
Con calidad, peón de más y ataque, el resto debería ser fácil.} 40. Rf4 Qd1 41.
Kh3 {Con idea de Rg4+} Ne5 42. Qe7+ Kg8 43. Qxf6 Qd7+ 44. Rf5 Nxc4 45. Qf8+ Kh7
46. g4 {Pensé por unos segundos cambiar las damas en f7 y luego capturar el
peón de b7, pero la partida se estaba ya alargando demasiado.} Nd6 ({Si} 46...
Qd3+ 47. Kh4 {el rey blanco encuentra un enroque girado 90 grados.}) 47. Rh5+ (
47. Rh5+ Kg6 48. Rh6+ Kg5 49. Qf6# {Comentarios de Matamoros para P Belleza})
1-0

[Event "36 Abierto Ciudad de Sevilla"]
[Site "?"]
[Date "2011.01.14"]
[Round "8"]
[White "Haslinger, Stewart G."]
[Black "Gonzalez Garcia, Jose"]
[Result "1/2-1/2"]
[WhiteElo "2536"]
[BlackElo "2503"]
[PlyCount "69"]
[EventDate "2011.01.14"]
[SourceDate "2011.01.07"]

1. e4 e6 2. d4 d5 3. Nd2 c5 4. Ngf3 cxd4 5. exd5 Qxd5 6. Bc4 Qd6 7. O-O Nf6 8.
Nb3 Nc6 9. Nbxd4 Nxd4 10. Nxd4 a6 11. Re1 Qc7 12. Qe2 Bd6 13. Bg5 O-O 14. Bd3
Bxh2+ 15. Kf1 Bf4 16. Bxf6 gxf6 17. g3 Rd8 18. Qe4 (18. c3 Be5 19. Qh5 Kf8 20.
Qxh7 f5 21. Re3 Rxd4 22. cxd4 Bxd4 23. Re2 Bd7 24. Qh4 Bg7 25. Rd1 Bc6 26. Red2
Rd8 27. Bc4 Rxd2 28. Rxd2 Ke8 29. Qg5 Bf8 30. Bxe6 Be7 31. Qg8+ Bf8 32. Bc4 Be4
33. Bxf7+ Ke7 34. Bc4 {1-0 Carlsson,P (2479)-Sulskis,S (2554)/Eforie Nord 2010}
) 18... f5 19. Nxf5 exf5 20. Qxf4 Qxf4 21. gxf4 Be6 22. Re5 Rd4 23. Bxf5 Bxf5
24. Rxf5 Rc8 25. Re1 Rxc2 26. Re8+ Kg7 27. Re7 Rdd2 28. Rfxf7+ Kg6 29. Rg7+ Kf6
30. Rgf7+ Kg6 31. f5+ Kg5 32. Rg7+ Kf6 33. Ref7+ Ke5 34. Re7+ Kf6 35. Rgf7+ {
Diagrama #} 1/2-1/2

[Event "36 Abierto Ciudad de Sevilla"]
[Site "?"]
[Date "2011.01.14"]
[Round "8"]
[White "Starostits, Ilmars"]
[Black "Sengupta, Deep"]
[Result "0-1"]
[WhiteElo "2494"]
[BlackElo "2530"]
[PlyCount "76"]
[EventDate "2011.01.14"]
[SourceDate "2011.01.07"]

1. e4 e6 2. d4 d5 3. Nc3 Bb4 4. e5 c5 5. a3 Bxc3+ 6. bxc3 Ne7 7. Qg4 Qc7 8.
Qxg7 Rg8 9. Qxh7 cxd4 10. Ne2 Nbc6 11. f4 Bd7 12. Qd3 dxc3 13. Rb1 O-O-O 14.
Nxc3 Na5 15. Nb5 Bxb5 16. Rxb5 Kb8 17. Be3 Nf5 18. Bf2 d4 19. Rg1 (19. Be2 Rxg2
20. Bf3 Rgg8 21. Be4 b6 $11) 19... Ne3 $15 {Diagrama #} 20. Be2 $2 (20. Bxe3 $2
dxe3 21. Qxe3 Qxc2 22. Be2 Nc4 {0-1 Comp Genius 4-Hegedus,G/Debrecen 1996}) (
20. Bg3) 20... Nxg2+ $19 21. Kf1 Nxf4 22. Rxg8 (22. Qe4 Rxg1+ 23. Bxg1 Nxe2 24.
Kxe2 Nc6 $19) 22... Nxd3 23. Rxd8+ Qxd8 24. cxd3 a6 25. Rb2 Qc7 26. Rb1 Qc2 27.
Re1 Nb3 28. h4 Nc1 29. Bxd4 Nxe2 30. Rxe2 Qxd3 31. Be3 b5 32. Kf2 Kb7 33. Bc5
Qc4 34. Be7 Qf4+ 35. Ke1 a5 36. Bg5 Qg3+ 37. Kd2 Qxa3 38. h5 Qb4+ 0-1

[Event "36 Abierto Ciudad de Sevilla"]
[Site "?"]
[Date "2011.01.14"]
[Round "8"]
[White "Razmyslov, Alexander"]
[Black "Corrales Jimenez, Fidel"]
[Result "0-1"]
[WhiteElo "2439"]
[BlackElo "2591"]
[PlyCount "76"]
[EventDate "2011.01.14"]
[SourceDate "2011.01.07"]

1. d4 Nf6 2. c4 c5 3. Nf3 cxd4 4. Nxd4 Nc6 5. Nc3 e6 6. a3 Bc5 7. e3 O-O 8. Be2
a6 9. O-O d5 10. cxd5 exd5 11. Nxc6 bxc6 12. Qa4 (12. b4 Ba7 13. Bb2) 12... Bd7
13. Qh4 a5 $15 14. Bd3 Re8 15. Bd2 h6 16. Rae1 Rb8 17. Bc1 Bd6 18. h3 c5 $17
19. Rd1 Bc6 20. Bc2 Be5 21. Ba4 Bxa4 {Diagrama #} 22. Nxa4 (22. Qxa4) 22... c4
$19 23. f3 Qc7 24. Nc3 d4 25. f4 (25. exd4 Bg3 $19) (25. Rxd4 Bxd4 26. exd4 Qb6
$19) 25... dxc3 26. fxe5 Qxe5 27. bxc3 Ne4 28. Rd7 Rb1 29. Qe1 Ng3 30. Rf2 Qxe3
31. Qxe3 Rxe3 32. Rfxf7 Rxc1+ 33. Kf2 Rf1+ 34. Kxe3 Rxf7 35. Rxf7 Kxf7 36. Kd4
Ke6 37. Kxc4 Ne2 38. a4 Kd6 0-1

[Event "36 Abierto Ciudad de Sevilla"]
[Site "?"]
[Date "2011.01.14"]
[Round "8"]
[White "Mirzoev, Azer"]
[Black "Khamrakulov, Ibragim S."]
[Result "1-0"]
[WhiteElo "2563"]
[BlackElo "2494"]
[PlyCount "55"]
[EventDate "2011.01.14"]
[SourceDate "2011.01.07"]

1. Nf3 Nf6 2. d4 e6 3. c4 b6 4. Nc3 Bb4 5. Qc2 Bb7 6. Bg5 h6 7. Bh4 c5 8. e3
O-O 9. dxc5 bxc5 10. Bd3 d5 (10... d6 $5) 11. cxd5 exd5 12. O-O Nbd7 13. Rfd1
Qc7 (13... Qe7) 14. Rac1 a6 (14... Rfe8) 15. Bf5 c4 (15... Bxc3 16. Qxc3 Ne4
17. Qc2 $16) 16. Bg3 Qd8 17. e4 Bxc3 18. Qxc3 {Diagrama #} Re8 $6 (18... g6 19.
Bxd7 Nxe4 20. Qe3 $14) 19. exd5 Ne4 (19... Bxd5 20. Ne5 $16) 20. Qd4 Nxg3 21.
hxg3 Nf6 22. d6 $18 Be4 23. Bh3 Bd5 24. d7 Re4 25. Qc5 Be6 26. Ne5 Bxh3 27.
gxh3 Nxd7 28. Nxd7 1-0

[Event "36 Abierto Ciudad de Sevilla"]
[Site "?"]
[Date "2011.01.14"]
[Round "8"]
[White "Matamoros Franco, Carlos S."]
[Black "Saric, Ante"]
[Result "1/2-1/2"]
[WhiteElo "2545"]
[BlackElo "2482"]
[PlyCount "73"]
[EventDate "2011.01.14"]
[SourceDate "2011.01.07"]

1. c4 e6 2. g3 d5 3. Bg2 Nf6 4. Nf3 dxc4 5. Na3 Qd5 6. O-O Nc6 7. Ne1 (7. Qa4
Bd7 8. Qxc4 Bxa3 9. Qxd5 exd5 10. bxa3 O-O-O $11) 7... Qc5 8. d3 cxd3 9. Nxd3
Qe7 (9... Qh5 $5 10. Qa4 Bd7 11. Nb5 Bd6 12. Bf3 Qh3 13. Bg5 $13) 10. Bxc6+ (
10. Nb5 a6 (10... Qd8 $5) 11. Qa4 Rb8 12. Nd4 Bd7 13. Nxc6 Qd6 14. Bf4 Bxc6 15.
Qa5 $16) 10... bxc6 11. Qc2 Qd8 12. Ne5 (12. Rd1) 12... Bxa3 {Diagrama #} (
12... Qd5 13. Nac4 Ba6 14. Bf4 Qe4) 13. Qxc6+ (13. bxa3 O-O 14. Rd1 Qe8 15. Be3
$16) 13... Bd7 14. Nxd7 Nxd7 15. bxa3 O-O 16. Be3 (16. Rd1 Ne5 $14) 16... Nb6
17. Rac1 Qd5 18. Qxd5 Nxd5 19. Bd4 Rfd8 20. Rc2 Rd6 (20... f5) 21. Rfc1 h6 (
21... f5) 22. e4 Nb4 23. axb4 Rxd4 24. Rc4 $14 Rd2 25. a3 (25. Rxc7 Rxa2 26.
Rb7 a5 27. Rcc7 Rf8 28. Ra7 a4 29. b5 $14) 25... a5 26. b5 Rb2 27. a4 Rd8 28.
Rxc7 Rdd2 29. Rf1 Rd4 30. Ra7 Rxa4 31. Rc1 Rxb5 32. Rc8+ Kh7 33. Rxf7 Rxe4 34.
Rcc7 Rg4 35. Ra7 Rg6 36. Kg2 Rf5 37. Rxf5 1/2-1/2

[Event "36 Abierto Ciudad de Sevilla"]
[Site "?"]
[Date "2011.01.14"]
[Round "8"]
[White "Rizouk, Aimen"]
[Black "Campora, Daniel H."]
[Result "1/2-1/2"]
[WhiteElo "2539"]
[BlackElo "2488"]
[PlyCount "25"]
[EventDate "2011.01.14"]
[SourceDate "2011.01.07"]

1. e4 d6 2. d4 Nf6 3. Nc3 e6 4. Nf3 Nbd7 5. Bc4 Be7 6. O-O O-O 7. Re1 c6 8. a4
b6 9. Ba2 a6 10. Be3 Ng4 11. Bc1 Ngf6 12. Be3 Ng4 13. Bc1 {Diagrama #} 1/2-1/2

[Event "36 Abierto Ciudad de Sevilla"]
[Site "?"]
[Date "2011.01.14"]
[Round "8"]
[White "Teran Alvarez, Ismael"]
[Black "Abbasov, Farid"]
[Result "0-1"]
[WhiteElo "2432"]
[BlackElo "2537"]
[PlyCount "52"]
[EventDate "2011.01.14"]
[SourceDate "2011.01.07"]

1. e4 g6 2. d4 Bg7 3. Nf3 d6 4. Bc4 a6 5. O-O e6 6. Bb3 Nd7 7. Re1 b6 8. Nbd2
Bb7 9. Nf1 Ne7 10. c3 h6 11. Ng3 O-O 12. h4 Nf6 13. h5 g5 14. Bc2 c5 {
Diagrama #} 15. Nxg5 hxg5 16. Bxg5 Nh7 17. Be3 cxd4 18. cxd4 Kh8 19. h6 Bf6 20.
Nh5 (20. Qh5 $5 Nc6 21. Rad1) 20... Rg8 21. Nxf6 Nxf6 {Diagrama #} 22. Qf3 $2 (
22. f3 $15) 22... Nf5 $19 23. Qf4 (23. g3) 23... Rg4 24. exf5 Rxf4 25. Bxf4 Qg8
26. g3 Qg4 0-1

[Event "36 Abierto Ciudad de Sevilla"]
[Site "?"]
[Date "2011.01.14"]
[Round "8"]
[White "Prados Montano, Antonio"]
[Black "Lemos, Damian"]
[Result "0-1"]
[WhiteElo "2244"]
[BlackElo "2553"]
[PlyCount "72"]
[EventDate "2011.01.14"]
[SourceDate "2011.01.07"]

1. d4 Nf6 2. Nf3 g6 3. c4 Bg7 4. Nc3 d5 5. cxd5 Nxd5 6. Bd2 Nb6 7. e3 O-O 8.
Ne4 N8d7 9. Bc3 Nd5 10. Be2 b6 11. Qa4 Bb7 12. Bb5 Nb8 13. Be2 (13. O-O Nxe3
14. fxe3 Bxe4 15. Ng5 $44) 13... Nxe3 14. fxe3 Bxe4 15. O-O e6 (15... Bh6 16.
Bd2 Nd7 17. Bb5 Nf6 18. Bc6 Bxc6 19. Qxc6 Qd6 20. Rac1 Rac8 $15) 16. Bb4 Re8
17. Ne5 f5 18. Bf3 Bxf3 {Diagrama #} 19. Rxf3 (19. Nxf3 Nd7 $15) 19... Bxe5 20.
dxe5 Qd7 $17 21. Qc2 Nc6 22. Bc3 Rad8 23. Rc1 Qd5 24. b3 Nxe5 $19 25. Bxe5 Qxe5
26. Re1 c5 27. h3 Re7 28. Re2 Red7 29. Rf1 Rd3 30. Rfe1 Qc3 31. Qxc3 Rxc3 32.
e4 f4 33. e5 g5 34. Rf1 Kg7 35. h4 h6 36. hxg5 hxg5 0-1

[Event "36 Abierto Ciudad de Sevilla"]
[Site "?"]
[Date "2011.01.14"]
[Round "8"]
[White "Barrantes Munoz, Hugo Pedro"]
[Black "Dizdar, Goran"]
[Result "0-1"]
[WhiteElo "2216"]
[BlackElo "2544"]
[PlyCount "40"]
[EventDate "2011.01.14"]
[SourceDate "2011.01.07"]

1. d4 e6 2. Nf3 c5 3. e3 Nf6 4. Bd3 b6 5. b3 Bb7 6. Bb2 Nc6 7. a3 d5 8. Nbd2
Bd6 9. Ne5 O-O 10. f4 Ne7 11. O-O Ne4 12. Nxe4 (12. Nec4 $5) 12... dxe4 13. Bc4
Nf5 $15 14. Qe2 Qe7 15. Rfe1 (15. Rad1) 15... cxd4 16. exd4 f6 17. Nd3 (17. Ng4
) 17... Kh8 {Diagrama #} 18. Qg4 $2 (18. Nf2 $17) 18... Nh6 $19 19. Qh3 exd3
20. Rxe6 Bc8 0-1

[Event "36 Abierto Ciudad de Sevilla"]
[Site "?"]
[Date "2011.01.14"]
[Round "8"]
[White "Lalic, Bogdan"]
[Black "Barrenechea Bahamonde, Gustavo"]
[Result "1-0"]
[WhiteElo "2491"]
[BlackElo "2215"]
[PlyCount "87"]
[EventDate "2011.01.14"]
[SourceDate "2011.01.07"]

1. d4 d5 2. c4 e6 3. Nf3 c5 4. cxd5 exd5 5. g3 Nc6 6. Bg2 Nf6 7. O-O Be7 8.
dxc5 Bxc5 9. Nc3 O-O 10. Bg5 d4 11. Bxf6 Qxf6 12. Nd5 Qd8 13. Ne1 a6 14. Nd3
Ba7 15. Qd2 (15. b4 $5) 15... Re8 16. b4 (16. h4 Bf5 17. N3f4 Qd7 18. Rac1 Rad8
19. Rc4 Be4 20. Rfc1 Bb8 21. b4 Bxg2 22. Kxg2 Qg4 23. a4 Rxd5 24. Nxd5 Bxg3 25.
Qg5 Qe4+ 26. Kxg3 h6 27. Nf6+ Kh8 28. Nxe4 hxg5 29. Nxg5 f6 30. Nf3 {
1-0 Cervinka,M (2227)-Mojzis,J (2214)/Czechia 2006}) 16... Bf5 17. a4 Be4 18.
Bxe4 Rxe4 19. N5f4 Qe7 $2 (19... Qg5) 20. b5 $6 (20. f3 Re3 21. Nd5 Qd6 22.
Nxe3 dxe3 23. Qa2 Nxb4 24. Nxb4 Qxb4 25. Rab1 $16) 20... Ne5 21. bxa6 bxa6 22.
Qa5 (22. Nd5 Qd8 23. f3 Qxd5 24. fxe4 Qxe4 25. Qf4 Qxf4 26. Rxf4 $14) 22...
Rxe2 (22... Qd6) 23. Nxe2 {Diagrama #} Nf3+ $2 (23... Nxd3 24. Qxa6 Qe4 $1 (
24... Qxe2 25. Rad1 Nf4 26. Qc6 Rf8 27. gxf4 Qg4+ 28. Kh1 Qxf4 29. Rd3 $14) 25.
Nf4 Nxf4 26. gxf4 Qf3 27. Rfe1 d3 $11) 24. Kg2 $18 Qe4 25. Nef4 $6 (25. Ndf4
$18 Re8 (25... g5 26. Qd5) (25... Nh4+ 26. Kh3 Nf3 27. Qd5) 26. Ng1 Ne5+ 27. f3
$18) 25... g5 (25... Ne1+ 26. Kg1 Nxd3 (26... Nf3+ 27. Kh1 Ne1+ 28. f3 Nxf3 29.
Qd5 $18) 27. Nxd3 Qxd3 28. Rac1 $18) 26. Qd5 $16 (26. Rad1 gxf4 27. Nxf4 Nh4+
28. Kh3 Ng6 29. Qg5 $16) 26... Ne1+ 27. Kg1 Qxd5 28. Nxd5 Nxd3 29. Rab1 Bc5 30.
Rfd1 Ne5 31. Kg2 Rd8 (31... g4) 32. Nf6+ (32. Nc7 $18) 32... Kg7 33. Ne4 Be7
$16 34. Rb7 Ng6 35. Ra7 d3 36. Rxa6 f5 37. Nd2 Ne5 38. Ra5 Bf6 39. Re1 Nc6 40.
Rxf5 Kg6 41. Rc5 Nd4 42. Rd1 Re8 43. Nf3 d2 44. Nxd4 1-0